Guess the Video game By the Villain - Statistics

General Stats
  • This quiz has been taken 59 times
  • The average score is 8 of 24
Answer Stats
Hint Answer % Correct
Bowser Super Mario
81%
Ganon The Legend Of zelda
63%
Ender Dragon Minecraft
60%
King K Rool Donkey Kong
58%
Dr Octavius Spider Man
56%
Dr Wily Megaman
49%
Mike Tyson Punch Out
49%
Sephiroth Final Fantasy
44%
Master Hand Smash Bros
44%
Ridley Metroid
40%
M.Bison Street fighter
40%
Ghosts Pacman
35%
Bowser Jr Yoshi
30%
Gruntilda Banjo Kazooie
23%
Dr Neo Crash Bandicoot
23%
King Dedede Kirbys Dreamland
21%
Giovanni Pokemon
21%
Giygas Earthbound/Mother
16%
Black Shadow F-Zero
12%
Nefarious Ratchet And Clank
12%
Andross Starfox
12%
Geese Howard Fatal Fury
9%
Magnus Kid Icarus
5%
Nebulax Astro Bot
2%
No matching quizzes found
Score Distribution
Percent of People with Each Score
Percentile by Number Answered
Your Score History
You have not taken this quiz